Quizzes
Events
Quiz Creation
Community
Videos
Private Events
Remove Ads
Sign In
Join for FREE
Feedback
Dark Mode
Quiz Categories
Sports
Geography
Music
Movies
Television
Just For Fun
Miscellaneous
History
Literature
Language
Science
Gaming
Entertainment
Religion
Holiday
For Kids
Quiz Lab
Recent
Popular Today
Quiz Kudos Today
Editor Picks
Curator Picks
Quizzes by...
Day
Popularity
Type
Ratings
Length
Year
Community
Subscriptions
Recent Discussions
Orange Saloon
Badges
Playlists
Quests
Create
Leaderboards
Showdown
Live 5
Trivia Bingo
Activity
Puzzle Library
Sporcle Events
Private Events
Virtual Trivia
Globe League
Become a Host
Pub Owners
SporcleCon
Opinionation
Our Games
Videos
Blog
Mobile Apps
Partnerships
Remove Ads and Go Orange
Feedback
History
US Presidents
World Leaders
Politics
Nation
Discovery
War
Decade
Year
Century
Biography
Art
History
US Presidents
World Leaders
Politics
Nation
Discovery
War
Decade
Year
Century
Biography
Art
Random Quiz
Search Sporcle
×
Editor Pick
Editor Pick
History
Discovery
Select answers by clicking on text or image buttons
Select answers by clicking on text or image buttons
Clickable
Best Score? Go Orange.
Earliest to Most Recent: North America Stats
Can you pick the historical events that happened in North America from earliest up to the most recent?
By
FilipinoBreloom
6m
15 Questions
3,931 Plays
3,931 Plays
3,931 Plays
Comments
Comments
Give Quiz Kudos
Give Quiz Kudos
-
- Ratings
hide this ad
Forced Order
Answers have to be entered in order
Answers have to be entered in order
Replay
Link that replays current quiz
Next Quiz
Link to next quiz in quiz playlist
You Got
0%
They Got
Avg Score
59%
Avg Friend Score
Upgrade to see
Score Distribution
Jump to the score distribution portion of the page
Score
0/15
Timer
06:00
0
Plays Today
% Correct
Christopher Columbus landed on Bahamas
88.5%
Spanish Empire conquered Aztec Empire
83.6%
Leif Erikson discovered Greenland
82.8%
Battle of Gettysburg
74.3%
Cuban Missile Crisis
71.8%
7.0 earthquake hit Haiti
64.2%
Opening of Panama Canal
61.1%
Invasion of Quebec
59.5%
% Correct
End of Texas Revolution
59.5%
Hurricane Irma hit Leeward Islands
55.2%
Fidel Castro stepped down as Cuban president
49.6%
Grenadian independence from United Kingdom
44.3%
Current-U.S. Virgin Islands became colony of Denmark-Norway
37.7%
End of Guatemalan Revolution
30%
Football War
29.6%
Quiz Playlist
Details
Report
Send in Message
Add To Playlist
Clickable:
Select answers by clicking on text or image buttons
Forced Order:
Answers have to be entered in order
Last Updated: Oct 11, 2018
Editor Pick in
History
Curator Pick in
Discovery
Quiz Scoreboard
CHALLENGE
Sign Up to Join the Scoreboard
Show All
Scores
Hide
Comments
May contain spoilers
Recently Published
9x9 Crossword: Cartoon Network
by jackfrog10
Miscellaneous
3m
College Basketball Coaching Resumes
by pancakes188
Sports
9m
Billboard Blitz: Fleetwood Mac
by CooCooCachoo
Music
15s
More to Explore
Quiz From the Vault
Featured Blog Post
Where Did the Easter Bunny Come From?
hide this ad
You Might Also Like...
Tags
Century Quiz
Discovery Quiz
North America Quiz
Politics Quiz
War Quiz
Year Quiz
caribbean
Central America
Disaster
empire
Event
Today's Top Quizzes in History
Browse History
hide this ad
Today's Top Quizzes in Discovery
Browse Discovery
Top Contributed Quizzes in History
1
Popular People in 1991
2
Popular People in 1981
3
Popular People in 1951
4
Popular People in 1941
5
Popular People in 1986
6
Popular People in 1976
7
Popular People in 1921
8
5-to-1: 20th Century Images of War
9
I Am Born On March 28th
10
Popular People in 1946
Explore More
Trending Topics
Kpop
NBA
Harry Potter
Marvel
Crossword
Disney
Anime
WWE
Song
Soccer
Pokémon
NFL
Country
The Office
Puzzle
hide this ad
More By:
FilipinoBreloom
Quiz
Plays
Rating
Category
Featured
Created
4 to 13 Letter 'A' Places
153,818
4.58
Geography
May 8, 2016
4 to 13 Letter 'B' Places
132,143
4.31
Geography
May 9, 2016
4 to 13 Letter 'C' Places
129,555
4.59
Geography
May 11, 2016
4 to 13 Letter 'G' Places
97,493
4.49
Geography
May 15, 2016
4 to 13 Letter 'N' Places
94,979
4.16
Geography
May 24, 2016
Go to Creator's Profile
Score Distribution
Quiz Creator Spotlight
FilipinoBreloom
Follow
Send a Message
Quizzes Created
-
Created Quiz Play Count
-
More By This Creator
Popular Quizzes Today
1
Find the US States - No Outlines Minefield
2
Find the Countries of Europe - No Outlines Minefield
3
The Countries of the World
4
Find the US States
5
Risky Map Clicking: Biggest States A-Z
6
US States
7
Popular People in 1961
8
Movies - When Are They Set?
More History Quizzes
Place XXth Century events on a World map
Quiz Lab
Trending Quizzes
Risky Map Clicking: Least Populous States A-Z
1-10 Letter G Words
1-10 Letter F Words
Risky Map Clicking: Next State Alphabetically
Adjectives in 80s TV Shows
Recently Updated
Leaping Animals
pecheneg
Reality TV Shows (A-Z)
bhenderson79
Rickey Henderson's Hall of Fame Teammates
pecheneg
Champions League XIs: Arsenal
pecheneg
Quick Pick: Celebrities in WWE's Hall of Fame
aduchscher
A-Z Keypad Blitz II
pecheneg
Multiple Oscar Actors
pecheneg
Mystery Phrase Blitz: Oscar 'Best Actors'
pecheneg
F. Scott Fitzgerald Novels
LTH
Pick 3 Villains
ddd62291
Trending Topics
Marvel
Anime
NBA
Crossword
Disney
Harry Potter
Kpop
Country
The Office
Pokémon
Puzzle
WWE
Soccer
Song
NFL
Your Account Isn't Verified!
In order to create a playlist on Sporcle, you need to verify the email address you used during registration. Go to your
Sporcle Settings
to finish the process.
Report this User
Report this user for behavior that violates our
Community Guidelines
.
Details:
Send Report
Go to the Sporcle.com Mobile Site →
Comments